Statistiques concernant 50 questions Culture générale - en 5 lettres

Cliquez ici pour prendre le quiz!

Statistiques générales

  • Ce quiz a été pris 315 fois
  • Le résultat moyen est 31 sur 50

Statistiques - réponses

DomaineQuestionRéponse% Correct
Boire en anglais (to...)Drink
93%
Pays sur lequel les Etats-Unis envoyèrent 2 bombes atomiques lors de la 2nd guerre mondiale.Japon
89%
Ville ou l'on trouve le Burj Khalifa, plus haut monument du monde.Dubaï
87%
Actuel président Américain (en 2024).Joe Biden
87%
Spécialitée Bretonne qui se mange chaude ou froide, sucrée ou salée, comme plat principal ou comme dessert.Crèpe
84%
HistoireIl a vaincu Vercingétorix lors de la bataille d'Alésia.César
83%
Il est le leader religieux et "messi" de la religion chrétienne.Jésus
83%
SportIl peut se jouer à 7, à 13 ou à 15.Rugby
83%
2ème planète en partant du soleil.Vénus
83%
Elle peut être de Lyonnaise, de provençale ou de pétanque.Boule
80%
Science / PhysiquePhysicienne et chimiste ayant reçue 2 prix Nobel.Curie
79%
Prénom du célèbre scientifique nommé Newton.Isaac
79%
On s'en sert pour "taper" dans les billes (ou boules) au billard.Queue
79%
GéographieDépartement ou se trouve la ville de Lyon.Rhône
79%
C'est le plus long os du corps humain.Fémur
78%
Mer entourée notamment par la Turquie, la Russie ou la Roumanie.Noire
78%
Sa capitale est Doha.Qatar
78%
MusiqueChanteuse ayant interprété "Confessions nocturnes" avec Diam's.Vitaa
77%
Organe composé de 2 ventricules et 2 oreillettes.Coeur
76%
Prénom du héros de la saga Pokémon.Sacha
75%
Lorsque que l'on fait tomber les 10 quilles en 2 coups au bowling.Spare
75%
Jeux VidéoDinosaure vert apparaissant d'abord dans les jeux de la série "Mario", il a ensuite eu sa propre série de jeux.Yoshi
72%
Mot hébreu signifiant "catastrophe" qui désigne la persécution et l'extermination systématiques et bureaucratiques d'environ 6 millions de Juifs, par le régime nazi et ses collaborateurs.Shoah
70%
LangueManger en espagnol.Comer
69%
C'est un informaticien, entrepreneur et milliardaire américain. Il est connu pour être le cofondateur de Microsoft en 1975.Bill Gates
64%
GastronomieQuetsche, mirabelle ou Reine-claude par exemple.Prune
64%
Acteur Français, ayant joué dans "20 ans d’écart", "Yves Saint Laurent" ou "L'Autre Monde".Pierre Niney
63%
Chanteuse Américaine interprète de "Shake it off" et "Blank space".Taylor Swift
62%
Groupe ayant connu le succès en France en 1998 avec "La tribu de Dana".Manau
61%
Chaîne de restauration rapide créée en Belgique en 1971.Quick
61%
Il a marqué le 3ème but lors de la finale de la coupe du monde de foot 1998.Petit
60%
Elle est "la tueuse de vampire".Buffy
59%
Rappeur Français, interprète de "La vie qu'on mène" et "Eurostar".Ninho
58%
Chanteur du groupe "The Police".Sting
57%
Princesse du royaume d'Hyrule.Zelda
56%
Marque dont le PDG est Tim Cook.Apple
54%
Cavaillon est réputée pour être la capitale de ce fruit.Melon
47%
Celui d'une entreprise est un tableau représentant sa situation patrimoniale et financière à un instant T, souvent réalisée à la clôture de son exercice comptable.Bilan
45%
En bourse, c'est une baisse brutale des prix d'une classe d'actifs, comme un marché financier à la suite d'un afflux massif d'ordres de vente.Krach
45%
Personnage qui accompagne Ratchet.Clank
40%
Capitale du Ghana.Accra
37%
Aimer en italien.Amare
34%
Économie / TechnologieAcronyme de la direction générale du ministère de l'Économie et des Finances qui a pour mission de collecter, analyser et diffuser des informations sur l'économie et la société française sur l'ensemble de son territoireINSEE
27%
Lire en Allemand.Lesen
25%
Cinéma / télévisionPersonnage féminin principale de la série "The big bang Théory".Penny
25%
Réalisateur Américain de films comme "Match Point" ou "Manhattan".Woody Allen
24%
Prénom du père de la famille Griffin dans "Family guy".Peter
21%
Célèbre chef cuisinier Français, né a Nevers et prénommé Guy.Guy Savoy
20%
Marcher en Portugais.Andar
13%
Prénom du personnage nommé Redfield, dans la saga "Résident Evil".Chris
12%

Distribution des résultats

Percentile par nombre de réponses

% des personnes avec chaque résultat

Votre développement - résultats

Vous n’avez pas pris ce quiz